Microprocessor and interfacing / (Record no. 417)

000 -LEADER
fixed length control field 00462 a2200157 4500
008 - FIXED-LENGTH DATA ELEMENTS--GENERAL INFORMATION
fixed length control field 221215b ||||| |||| 00| 0 eng d
020 ## - INTERNATIONAL STANDARD BOOK NUMBER
International Standard Book Number 9781259006159
082 00 - DEWEY DECIMAL CLASSIFICATION NUMBER
Classification number 004.16
Item number H1741
100 ## - MAIN ENTRY--PERSONAL NAME
Personal name Hall, Douglas V.
9 (RLIN) 5392
245 ## - TITLE STATEMENT
Title Microprocessor and interfacing /
260 ## - PUBLICATION, DISTRIBUTION, ETC. (IMPRINT)
Place of publication, distribution, etc New Delhi:
Name of publisher, distributor, etc McGraw Hill Education,
Date of publication, distribution, etc 2012.
300 ## - PHYSICAL DESCRIPTION
Extent xviii, I.7 p.
650 #0 - SUBJECT ADDED ENTRY--TOPICAL TERM
Topical term or geographic name as entry element Microprocessors
700 ## - ADDED ENTRY--PERSONAL NAME
9 (RLIN) 5393
Personal name Rao, SSSP
942 ## - ADDED ENTRY ELEMENTS (KOHA)
Source of classification or shelving scheme
Item type Books
Holdings
Withdrawn status Lost status Source of classification or shelving scheme Damaged status Not for loan Permanent location Current location Date acquired Source of acquisition Cost, normal purchase price Full call number Barcode Date last seen Cost, replacement price Koha item type
          IMU Kolkata IMU Kolkata 2017-03-15 B. Bross & Co. 540.20 004.16 H1741 12050 2019-09-26 740.00 Books
          IMU Kolkata IMU Kolkata 2017-03-15 B. Bross & Co. 540.20 004.16 H1741 12051 2019-09-26 740.00 Books
          IMU Kolkata IMU Kolkata 2017-03-15 B. Bross & Co. 540.20 004.16 H1741 12052 2019-09-26 740.00 Books
          IMU Kolkata IMU Kolkata 2017-03-15 B. Bross & Co. 540.20 004.16 H1741 12053 2019-09-26 740.00 Books
          IMU Kolkata IMU Kolkata 2017-03-15 B. Bross & Co. 540.20 004.16 H1741 12054 2019-09-26 740.00 Books
Designed and Maintained by IMU-KC Library, Kolkata Campus © Copyright All Rights Reserved

webs counters

Powered by Koha